Thousand Miles-Vanessa Carlton Whole Lyrics - Statistics

General Stats
  • This quiz has been taken 174 times
  • The average score is 226 of 269
Answer Stats
Answer % Correct
a
100%
I
100%
and
98%
do
98%
walk
98%
you
95%
downtown
94%
making
94%
miles
94%
my
94%
the
94%
thousand
94%
way
94%
by
90%
could
90%
pass
90%
walking
90%
just
89%
see
89%
me
88%
fast
87%
if
87%
If
87%
in
87%
home
85%
I'm
85%
know
85%
think
85%
I'd
83%
need
83%
time
83%
tonight
83%
miss
82%
sky
82%
through
82%
wonder
82%
would
82%
into
81%
fall
80%
now
80%
bound
77%
crowd
77%
faces
77%
cause
74%
when
71%
of
63%
ever
61%
us
61%
staring
59%
your
55%
don't
54%
blankly
52%
hold
52%
so
52%
go
48%
it's
48%
like
47%
this
47%
ahead
46%
still
45%
memory
44%
these
43%
let
42%
always
40%
precious
40%
wanna
39%
wrong
37%
everything's
35%
belong
34%
drown
20%
why
15%
No matching quizzes found
Score Distribution
Percent of People with Each Score
Percentile by Number Answered
Your Score History
You have not taken this quiz